Yeohlee : (Record no. 607783)

000 -LEADER
fixed length control field 00543nam a22001937a 4500
003 - CONTROL NUMBER IDENTIFIER
control field OSt
005 - DATE AND TIME OF LATEST TRANSACTION
control field 20240215141946.0
008 - FIXED-LENGTH DATA ELEMENTS--GENERAL INFORMATION
fixed length control field 170515t xxu||||| |||| 00| 0 eng d
020 ## - INTERNATIONAL STANDARD BOOK NUMBER
International Standard Book Number 9781864700039
040 ## - CATALOGING SOURCE
Transcribing agency 0
082 ## - DEWEY DECIMAL CLASSIFICATION NUMBER
Classification number 746.92092
Author Mark YEO
100 1# - MAIN ENTRY--PERSONAL NAME
Personal name Teng,Yeohlee.
9 (RLIN) 120575
245 10 - TITLE STATEMENT
Title Yeohlee :
Remainder of title work/
Statement of responsibility, etc. Yeohlee Teng.
260 ## - PUBLICATION, DISTRIBUTION, ETC.
Place of publication, distribution, etc. Victoria;
Name of publisher, distributor, etc. Images Publishing,
Date of publication, distribution, etc. 2003.
300 ## - PHYSICAL DESCRIPTION
Extent 224 p.:
Other physical details ill;
Dimensions 30 cm.
651 ## - SUBJECT ADDED ENTRY--GEOGRAPHIC NAME
Geographic name Costume design
9 (RLIN) 120576
651 ## - SUBJECT ADDED ENTRY--GEOGRAPHIC NAME
Geographic name Fashion designers
9 (RLIN) 120577
942 ## - ADDED ENTRY ELEMENTS (KOHA)
Source of classification or shelving scheme
Koha item type Book
Institution code [OBSOLETE] SADA
Call number prefix 746.92092 YEO 2003
Holdings
Withdrawn status Lost status Source of classification or shelving scheme Damaged status Not for loan Permanent Location Current Location Date acquired Source of acquisition Full call number Barcode Date last seen Cost, replacement price Price effective from Koha item type
          School of Art Design and Architecture (SADA) School of Art Design and Architecture (SADA) 05/10/2017 S.A.Rehman 746.92092 YEO 2003 SADA0002704 02/15/2024 1678.32 02/15/2024 Book
© 2023 Central Library, National University of Sciences and Technology. All Rights Reserved.